|
|
|
|
| LEADER |
00000nab a2200000 ar4500 |
| 001 |
vtls009005577 |
| 003 |
SK-MaSNL |
| 005 |
20260303065706.0 |
| 008 |
070709c2007 xo sr|p|||||||000 b|slo |
| 015 |
|
|
|a SNBRB2007/07
|2 snkbucl
|
| 038 |
|
|
|a SNKBUCL
|
| 040 |
|
|
|a SNKBUCL
|b slo
|c SNKBUCL
|e AACR2
|
| 041 |
|
|
|a slo
|
| 044 |
|
|
|a xo
|c SK
|
| 080 |
|
|
|a 37-051
|2 1997
|
| 100 |
1 |
|
|a Fábry, Viliam,
|d 1929-
|4 aut
|9 206654
|
| 245 |
1 |
0 |
|a Deväťdesiatnik Pavel Paška
|c Viliam Fábry
|
| 600 |
1 |
7 |
|a Paška, Pavel,
|d 1917-2013
|2 snkbucl
|9 108615
|
| 773 |
0 |
|
|t Slovenské národné noviny
|g Roč. 18 (22), č. 12 (2007), s. 8
|x 0862-8823
|
| 852 |
|
|
|a SNK
|b KIS3GCP
|
| 958 |
|
|
|a BX
|
| 999 |
|
|
|c 1752230
|d 1754160
|